000 01016cam a2200217 4500
001 WB3914-17
008 030408n2003 000 0 eng u
035 _a(Sirsi) u121922
245 _aScots to consult on third party rights
260 _c2003
490 _aRICS Planning and Development Faculty News
_v4 April 2003 (1)
520 _aProposals in the Scottish Executive's planning white paper may give third party objectors in Scotland the right to appeal against planning decisions. "Your place, your plan" is designed to enhance public involvement and speed up the planning process. The white paper is available at www.scotland.gov.uk/library5/planning/ypyp-00.asp. www.rics.org/ricscms/bin/show?class=News&template=/includes/shownews.html&id=5389
590 _aWB
650 _aSCOTLAND
650 _aTHIRD PARTY RIGHTS
650 _aRIGHT TO APPEAL
650 _aPLANNING REFORM
650 _aPLANNING SYSTEM
690 _aENVIRONMENTAL AND LAND CONSULTANCY-PLANNING AND DEVELOPMENT
942 _n0
999 _c72457
_d72457